header

Say Cheese and Die (Record no. 260777)

MARC details
000 -LEADER
fixed length control field 00235nam a22001097a 4500
020 ## - INTERNATIONAL STANDARD BOOK NUMBER
ISBN 9781407171029
100 ## - MAIN ENTRY--AUTHOR NAME
Personal name R.L.Stine
245 ## - TITLE STATEMENT
Title Say Cheese and Die
260 ## - PUBLICATION, DISTRIBUTION, ETC. (IMPRINT)
Place of publication USA
Name of publisher Scholastic Inc.
Year of publication 1992
300 ## - PHYSICAL DESCRIPTION
Number of Pages 136 pgs.
942 ## - ADDED ENTRY ELEMENTS (KOHA)
Koha item type Long Loan Books
Holdings
Withdrawn status Lost status Collection code Home library Current library Shelving location Date acquired Accession Number Koha item type
    Fiction Rongo University Library Rongo University Library Children's Area 05/10/2023 CL20222681 Long Loan Books

© 2026 Rongo University
Contact us: librarian | system librarian | Rongo university